Listenbourg - Statistiques

Statistiques générales
  • Ce quiz a été pris 260 fois
  • Le résultat moyen est 6 sur 10
Statistiques - réponses
Question Réponse % Correct
Pourquoi le Listenbourg a été crée Pour ce moquer du niveau en géographie des américains
96%
Ou se trouve le Listenbourg Au Nord Ouest de la péninsule ibérique
91%
Sur quelle plateforme le Listenbourg est réapparu Twitter (X)
91%
Quelle est la capitale du Listenbourg Lurenberg
61%
Pourquoi ? Car le Listembourg a refusé d’aider la France pendant la 2eme Guerre mondiale
52%
Population Listenbourgeoise ( environ ) 65 millions
43%
Qui est le président listenbourgeois ? Gaspardo
43%
Quel le régime politique listenbourgeois ? République constitutionnelle unitaire
39%
Qui fut le 1er roi des Listenbourgeois ? Listen 1
35%
Qui a fait disparaitre le Listenbourg des cartes ? Albert Lebrun
17%
Aucun quiz correspondant
Distribution des résultats
% des personnes avec chaque résultat
Percentile par nombre de réponses
Votre historique - résultats
Vous n’avez pas pris ce quiz